<?xml version="1.0" encoding="UTF-8"?><?xml-stylesheet type="text/xsl" href="static/style.xsl"?><OAI-PMH xmlns="http://www.openarchives.org/OAI/2.0/" xmlns:xsi="http://www.w3.org/2001/XMLSchema-instance" xsi:schemaLocation="http://www.openarchives.org/OAI/2.0/ http://www.openarchives.org/OAI/2.0/OAI-PMH.xsd"><responseDate>2026-04-17T11:50:31Z</responseDate><request verb="GetRecord" identifier="oai:www.recercat.cat:2445/149279" metadataPrefix="marc">https://recercat.cat/oai/request</request><GetRecord><record><header><identifier>oai:recercat.cat:2445/149279</identifier><datestamp>2025-11-19T10:58:20Z</datestamp><setSpec>com_2072_1057</setSpec><setSpec>col_2072_478917</setSpec><setSpec>col_2072_478922</setSpec></header><metadata><record xmlns="http://www.loc.gov/MARC21/slim" xmlns:dcterms="http://purl.org/dc/terms/" xmlns:xsi="http://www.w3.org/2001/XMLSchema-instance" xmlns:doc="http://www.lyncode.com/xoai" xsi:schemaLocation="http://www.loc.gov/MARC21/slim http://www.loc.gov/standards/marcxml/schema/MARC21slim.xsd">
   <leader>00925njm 22002777a 4500</leader>
   <datafield ind2=" " ind1=" " tag="042">
      <subfield code="a">dc</subfield>
   </datafield>
   <datafield ind2=" " ind1=" " tag="720">
      <subfield code="a">Figuera Gazo, Pilar</subfield>
      <subfield code="e">author</subfield>
   </datafield>
   <datafield ind2=" " ind1=" " tag="720">
      <subfield code="a">Torrado Fonseca, Mercè</subfield>
      <subfield code="e">author</subfield>
   </datafield>
   <datafield ind2=" " ind1=" " tag="720">
      <subfield code="a">Dorio Alcaraz, Inmaculada</subfield>
      <subfield code="e">author</subfield>
   </datafield>
   <datafield ind2=" " ind1=" " tag="720">
      <subfield code="a">Freixa Niella, Montserrat</subfield>
      <subfield code="e">author</subfield>
   </datafield>
   <datafield ind2=" " ind1=" " tag="260">
      <subfield code="c">2020-02-03T14:27:57Z</subfield>
   </datafield>
   <datafield ind2=" " ind1=" " tag="260">
      <subfield code="c">2020-02-03T14:27:57Z</subfield>
   </datafield>
   <datafield ind2=" " ind1=" " tag="260">
      <subfield code="c">2015-04-01</subfield>
   </datafield>
   <datafield ind2=" " ind1=" " tag="260">
      <subfield code="c">2020-02-03T14:27:58Z</subfield>
   </datafield>
   <datafield ind2=" " ind1=" " tag="520">
      <subfield code="a">Uno de los objetivos de la política universitaria a nivel nacional e internacional ha sido la diversificación de las vías de entrada a la universidad para favorecer el acceso más generalizado a la educación superior. Sin embargo, el establecimiento de políticas de acceso debe ir acompañado de medidas para garantizar la permanencia en el sistema. La orientación es uno de los instrumentos más significativos. El artículo presenta los resultados de una investigación longitudinal sobre los procesos de transición y persistencia de una cohorte de estudiantes de ADE y Pedagogía de la Universidad de Barcelona que iniciaron los estudios en el año 2010. Los datos confirman que las situaciones de retraso académico, fracaso y abandono son significativamente superiores entre los estudiantes que accedieron a través de las vías no convencionales (específicamente aquellos procedentes de las vías CFGS, mayores de 25 años y 45 años). A partir de los resultados procedentes de las bases de datos institucionales y de los cuestionarios de seguimiento, se discute las implicaciones para el establecimiento de acciones de orientación y tutoría que contribuyan a la verdadera equidad del sistema.</subfield>
   </datafield>
   <datafield tag="653" ind2=" " ind1=" ">
      <subfield code="a">Abandó dels estudis (Educació superior)</subfield>
   </datafield>
   <datafield tag="653" ind2=" " ind1=" ">
      <subfield code="a">Orientació en l'educació superior</subfield>
   </datafield>
   <datafield tag="653" ind2=" " ind1=" ">
      <subfield code="a">College dropouts</subfield>
   </datafield>
   <datafield tag="653" ind2=" " ind1=" ">
      <subfield code="a">Counseling in higher education</subfield>
   </datafield>
   <datafield ind2="0" ind1="0" tag="245">
      <subfield code="a">Trayectorias de persistencia y abandono de estudiantes universitarios no convencionales: implicaciones para la orientación</subfield>
   </datafield>
</record></metadata></record></GetRecord></OAI-PMH>